| 000 | 00362nam a22001457a 4500 | ||
|---|---|---|---|
| 020 | _qPB. | ||
| 040 | _cFIZZA ISHAQ | ||
| 082 |
_a621.380 _bALA |
||
| 100 |
_aOPPENHEIM,V.ALAN. _991535 |
||
| 245 |
_aDISCRETE TIME SIGNAL PROCESSING / _cALAN V.OPPENHEIM. |
||
| 250 | _a3rd ED. | ||
| 260 |
_aMALAYSIA ; _bPEARSON, _c2020. |
||
| 300 | _a1052 P. ; | ||
| 942 |
_2ddc _cBK |
||
| 999 |
_c589658 _d589658 |
||